Catálogo
 En Linea

Cuentos latinoamericanos. / (Registro nro. 45605)

Detalles MARC
000 -CABECERA
campo de control de longitud fija 01641nam a2200301 i 4500
001 - NÚMERO DE CONTROL
campo de control 000046116
003 - IDENTIFICADOR DEL NÚMERO DE CONTROL
campo de control DO-SdBNP
005 - FECHA Y HORA DE LA ÚLTIMA TRANSACCIÓN
campo de control 20240308073620.0
007 - CAMPO FIJO DE DESCRIPCIÓN FÍSICA--INFORMACIÓN GENERAL
campo de control de longitud fija ta
008 - DATOS DE LONGITUD FIJA--INFORMACIÓN GENERAL
campo de control de longitud fija 110210s 1991 dr a 000 j spa d
040 ## - FUENTE DE LA CATALOGACIÓN
Centro catalogador/agencia de origen DO-SdBNP
Lengua de catalogación spa
Centro/agencia transcriptor BNPHU
Normas de descripción rda
082 ## - NÚMERO DE LA CLASIFICACIÓN DECIMAL DEWEY
Número de clasificación BNPHU H863.4408
Número de documento/Ítem C965L
Número de edición 22
245 00 - MENCIÓN DE TÍTULO
Título Cuentos latinoamericanos. /
Mención de responsabilidad, etc. presentación Avelino Stanley.
264 ## - PRODUCCIÓN, PUBLICACIÓN, DISTRIBUCIÓN, FABRICACIÓN Y COPYRIGHT
Producción, publicación, distribución, fabricación y copyright Santo Domingo :
Nombre del de productor, editor, distribuidor, fabricante Susaeta,
Fecha de producción, publicación, distribución, fabricación o copyright 1991.
300 ## - DESCRIPCIÓN FÍSICA
Extensión 159 paginas :
Otras características físicas ilustraciones ;
Dimensiones 22 cm.
336 ## - TIPO DE CONTENIDO
Fuente rdacontent
Término de tipo de contenido texto
Código de tipo de contenido txt
337 ## - TIPO DE MEDIO
Fuente rdamedia
Nombre/término del tipo de medio sin mediación
Código del tipo de medio n
338 ## - TIPO DE SOPORTE
Fuente rdacarrier
Nombre/término del tipo de soporte volumen
Código del tipo de soporte nc
505 0# - NOTA DE CONTENIDO CON FORMATO
Título Presentación --
-- La gallina degollada /
Mención de responsabilidad Horacio Quiroga --
Título Los amos /
Mención de responsabilidad Juan Bosch --
Título El encuentro /
Mención de responsabilidad Jorge Luis Borges --
Título Las novias del mendigo /
Mención de responsabilidad Rómulo Gallegos --
Título El hombre honrado /
Mención de responsabilidad Monteiro Lobato --
Título La leyenda del yunque /
Mención de responsabilidad Juan B. Huyke --
Título Los fugitivos /
Mención de responsabilidad Alejo Carpentier --
Título El sueño del pongo /
Mención de responsabilidad José María Arguedes --
Título Calixto /
Mención de responsabilidad Ciro Alegría --
Título Es que somos pobres /
Mención de responsabilidad Juan Rulfo --
Título Continuidad de los parques /
Mención de responsabilidad Julio Cortázar --
Título Primera dama /
Mención de responsabilidad Augusto Monterroso --
Título El ahogado más hermoso del mundo /
Mención de responsabilidad Gabriel García Márquez --
Título Juegos nocturnos /
Mención de responsabilidad Augusto Roa Bastos --
Título Pesadilla /
Mención de responsabilidad Virgilio Díaz Grullón --
590 ## - NOTA LOCAL (RLIN)
Nota local Perteneció a la biblioteca personal de Chiqui Vicioso/Fidelio Despradel
590 ## - NOTA LOCAL (RLIN)
Nota local Inventariado, 2018/ YL
650 14 - PUNTO DE ACCESO ADICIONAL DE MATERIA--TÉRMINO DE MATERIA
Término de materia o nombre geográfico como elemento de entrada Cuentos latinoamericanos
Subdivisión general Colecciones
9 (RLIN) 8654
650 14 - PUNTO DE ACCESO ADICIONAL DE MATERIA--TÉRMINO DE MATERIA
Término de materia o nombre geográfico como elemento de entrada Literatura latinoamericana
9 (RLIN) 4717
700 1# - PUNTO DE ACCESO ADICIONAL--NOMBRE DE PERSONA
Nombre de persona Stanley, Avelino,
Fechas asociadas al nombre 1959-
Término indicativo de función/relación presentación
9 (RLIN) 1536
700 1# - PUNTO DE ACCESO ADICIONAL--NOMBRE DE PERSONA
Nombre de persona Martínez, Julio César
Término indicativo de función/relación il.
9 (RLIN) 1263
910 ## - DATOS DE OPCIÓN DEL USUARIO (OCLC)
Datos de opción del usuario YL
942 ## - ELEMENTOS DE PUNTO DE ACCESO ADICIONAL (KOHA)
Fuente del sistema de clasificación o colocación Dewey Decimal Classification
Tipo de ítem Koha Libro
Existencias
Estado de retiro Estado de pérdida Fuente del sistema de clasificación o colocación No para préstamo Código de colección Localización permanente Ubicación/localización actual Ubicación en estantería Fecha de adquisición Número de inventario Total de préstamos Signatura topográfica completa Código de barras Fecha visto por última vez Precio válido a partir de Tipo de ítem Koha Nota pública Restricciones de uso Fuente de adquisición Número de copia
    Dewey Decimal Classification   Patrimonio Dominicano Biblioteca Nacional Pedro Henríquez Ureña Biblioteca Nacional Pedro Henríquez Ureña En catalogación 11.01.2024     BNPHU PD BNPHU H863.4408 C965L 2024-0170 11.01.2024 11.01.2024 Libro   Excluido de préstamo donación e.2
    Dewey Decimal Classification Excluido de préstamo Monografías: Libros y Folletos Biblioteca Nacional Pedro Henríquez Ureña Patrimonio Dominicano Depósito 24.06.2015 LF1   BNPHU PD H863.4408 C965L 46116-10 25.06.2020 25.06.2020 No se presta Perteneció a la bibliteca personal de Chiqui Vicioso / Fidelio Despradel.      

Con tecnología Koha